=LDR 00000nam 2200000 4500 =001 INLIS000000000057981 =005 20210709014724 =035 ##$$a 0010-0721000076 =007 ta =008 210709###########################0#ind## =020 ##$$a 979-450-046-1 =082 ##$$a 342.06 =084 ##$$a 342.06 Pra h =245 1#$$a Hukum administrasi negara /$c Prof.Dr.Mr.S.PraAtmosudirjojudi =300 ##$$a 216 halaman : $b Ilustrasi ; $c 24 cm =650 #4$$a Hukum Administrasi Negara =264 ##$$a jakarta :$b Ghalia Indonesia,$c 1994 =336 ##$$a teks$2 rdacontent =337 ##$$a lain-lain$2 rdamedia =338 ##$$a lain-lain$2 rdacarrier =990 ##$$a 17521752 =990 ##$$a 17521752